<?xml version="1.0" encoding="UTF-8"?>
<record
    xmlns:xsi="http://www.w3.org/2001/XMLSchema-instance"
    xsi:schemaLocation="http://www.loc.gov/MARC21/slim http://www.loc.gov/standards/marcxml/schema/MARC21slim.xsd"
    xmlns="http://www.loc.gov/MARC21/slim">

  <leader>00951nab a2200241 i 4500</leader>
  <controlfield tag="001">180820</controlfield>
  <controlfield tag="003">ES-MaACL</controlfield>
  <controlfield tag="005">20250904063108.0</controlfield>
  <controlfield tag="008">120717s1913    sp            000 s spa d</controlfield>
  <datafield tag="040" ind1=" " ind2=" ">
    <subfield code="a">ES-MaACL</subfield>
  </datafield>
  <datafield tag="100" ind1="1" ind2=" ">
    <subfield code="a">Ugarte y Albizu, Eduardo,</subfield>
    <subfield code="d">1872-ca. 1933</subfield>
    <subfield code="e">aut</subfield>
    <subfield code="9">226953</subfield>
  </datafield>
  <datafield tag="245" ind1="1" ind2="0">
    <subfield code="a">Concepto y justicia del impuesto &#xFA;nico sobre el valor del suelo /</subfield>
    <subfield code="c">por Eduardo Ugarte y Albizu</subfield>
  </datafield>
  <datafield tag="300" ind1=" " ind2=" ">
    <subfield code="a">P&#xE1;ginas 30-42</subfield>
  </datafield>
  <datafield tag="594" ind1=" " ind2=" ">
    <subfield code="a">Precede al t&#xED;tulo: Conferencias en el C&#xED;rculo de la Uni&#xF3;n Mercantil</subfield>
  </datafield>
  <datafield tag="599" ind1=" " ind2=" ">
    <subfield code="a">Retrato del autor en portada</subfield>
  </datafield>
  <datafield tag="650" ind1=" " ind2="4">
    <subfield code="a">Propiedad inmobiliaria-</subfield>
    <subfield code="x">Impuestos-</subfield>
    <subfield code="z">Espa&#xF1;a</subfield>
    <subfield code="9">226954</subfield>
  </datafield>
  <datafield tag="655" ind1=" " ind2="4">
    <subfield code="a">Conferencias</subfield>
    <subfield code="9">234444</subfield>
  </datafield>
  <datafield tag="710" ind1="2" ind2=" ">
    <subfield code="a">C&#xED;rculo de la Uni&#xF3;n Mercantil (Madrid)</subfield>
    <subfield code="e">isb</subfield>
    <subfield code="9">134324</subfield>
  </datafield>
  <datafield tag="773" ind1="0" ind2=" ">
    <subfield code="t">La Palabra : revista taquigr&#xE1;fica, </subfield>
    <subfield code="x">ISSN 2479-7723,</subfield>
    <subfield code="g">N. 16 (15 ag.1913), p. 30-42</subfield>
    <subfield code="0">2879</subfield>
    <subfield code="9">2987</subfield>
    <subfield code="w">2879</subfield>
  </datafield>
  <datafield tag="942" ind1=" " ind2=" ">
    <subfield code="2">udc</subfield>
    <subfield code="c">ANAB</subfield>
    <subfield code="n">0</subfield>
  </datafield>
  <datafield tag="999" ind1=" " ind2=" ">
    <subfield code="c">180820</subfield>
    <subfield code="d">180820</subfield>
  </datafield>
  <datafield tag="955" ind1=" " ind2=" ">
    <subfield code="b">Pilar Fern&#xE1;ndez Vera</subfield>
  </datafield>
</record>
